ბათუმის შოთა რუსთაველის სახელმწიფო უნივერსიტეტის ბიბლიოთეკა

საქართველოს ისტორია. ნაწ. 1 : უძველესი დროიდან XIX საუკუნის დამდეგამდე : (ბიბ.ჩანაწერი № 56128)

000 -ლიდერი
ფიქსირებული სიგრძის საკონტროლო ველი 01725nam a2200241Ia 4500
001 - საკონტროლო ნომერი
საკონტროლო ველი 23229
003 - საკონტროლო ნომრის იდენტიფიკატორი
საკონტროლო ველი GE_BSU
005 - ბოლო ოპერაციის თარიღი და დრო
საკონტროლო ველი 20251001213447.0
008 - ფიქსირებული სიგრძის მონაცემთა ელემენტები - ზოგადი ინფორმაცია
ფიქსირებული სიგრძის საკონტროლო ველი 181216s||||||||xx |||||||||||||| ||und||
040 ## - კატალოგიზაციის წყარო
Transcribing agency GE_BSU
080 ## - უნივერსალური ათობითი კლასიფიკაციის ინდექსი
Universal Decimal Classification number 94(479.22)(075.3)
100 ## - მთავარი ჩანაწერი - პიროვნების სახელი
Personal name ბერძენიშვილი, ნიკოლოზ., ჯავახიშვული ივ., ჯანაშია, ს.
9 (RLIN) 25920
245 ## - ცნობა სათაურის შესახებ
Title საქართველოს ისტორია. ნაწ. 1 : უძველესი დროიდან XIX საუკუნის დამდეგამდე :
Remainder of title სახელმძღვ. საშ. სკ. უფრ. კლ. /
Statement of responsibility, etc ნიკოლოზ ბერძენიშვილი, ივ. ჯავახიშვილი, ს. ჯანაშია ; ს. ჯანაშიას რედ. ; საქ. სსრ მეცნ. აკად. ისტორიის ინ-ტი აკად. ივ. ჯავახიშვილის სახელობისა
250 ## - გამოცემის ცნობა
Edition statement მე-3 შესწ. შევს. გამოცემა
264 ## - წარმოების, გამოცემის, დისტრიბუციის და სხვა ცნობები
გამოცემის, წარმოების, დისტრიბუციის... ადგილი თბილისი :
გამოცემის, წარმოების, დისტრიბუციის... სახელწოდება სახელგამი,
გამოცემის, წარმოების, დისტრიბუციის... თარიღი 1948.
300 ## - ფიზიკური აღწერა
Extent 439 გვ. :
Other physical details ილ. ;
Dimensions 23 სმ.
Accompanying material 11 ჩართ. ფურც. ილ. სქემ. და რუკ.
653 ## - INDEX TERM--UNCONTROLLED
Uncontrolled term საქართველოს ისტორია
653 ## - INDEX TERM--UNCONTROLLED
Uncontrolled term საქართველოს ისტორია. ნაწ. 1
653 ## - INDEX TERM--UNCONTROLLED
Uncontrolled term უძველესი დროიდან XIX საუკუნის დამდეგამდე
700 ## - ADDED ENTRY--PERSONAL NAME
Personal name ჯანაშია, ს.,
Relator term ავტორი, რედაქტორი
9 (RLIN) 5435
942 ## - ADDED ENTRY ELEMENTS (KOHA)
Koha item type წიგნი
Source of classification or shelving scheme
ეგზემპლარები
ჩამოწერის სტატუსი დაკარგული ეგზემპლარის სტატუსი კლასიფიკაციის წყარო ან თაროზე გაწყობის სქემა დაზიანების სტატუსი არ გაიცემა მუდმივი მდებარეობა (დაცვის ადგილი) ამჟამინდელი ადგილსამყოფელი თაროზე განთავსების ადგილი შეძენის თარიღი ღირებულება, შესყიდვის ნორმალური ფასი სრული შენახვის შიფრი შტრიხკოდი ბოლო ოპერაციის თარიღი ეგზემპლარის მიმდევრობითი ნომერი (კეტერი?) ფასის ძალაში შესვლის თარიღი ეგზემპლარის სახეობა საჯარო შენიშვნა
          ბათუმის შოთა რუსთაველის სახელმწიფო უნივერსიტეტის მთავარი ბიბლიოთეკა ბათუმის შოთა რუსთაველის სახელმწიფო უნივერსიტეტის მთავარი ბიბლიოთეკა წიგნსაცავი 2018-12-17 3.40 94(479.22)(075.3) 28208 2018-12-17 28208 2018-12-17 წიგნი 3.40 ₾.